[Event "RSA-ch U12"]
[Site "Bloemfontein"]
[Date "2016.03.23"]
[Round "6"]
[White "Bedesi, Tahil Tiresh"]
[Black "Sweetbert, Michael Tyrone"]
[Result "1-0"]
[WhiteElo "1248"]
[BlackElo "1306"]
[PlyCount "27"]
[EventDate "2016.03.20"]
[EventType "swiss"]
[EventRounds "11"]
[EventCountry "RSA"]
[SourceTitle "CBM 171 Extra"]
[Source "ChessBase"]
[SourceDate "2016.04.26"]
[SourceVersion "1"]
[SourceVersionDate "2016.04.26"]
[SourceQuality "1"]

1. d4 d5 2. Nf3 e6 3. e3 Nf6 4. Bd3 Be7 5. 0-0 0-0 6. b3 Nc6 7. a3 Bd6 8. Bb2 Re8 9. Ne5 Bd7 10. Nd2 Ne7 11. f4 Ng6 12. g4 Bc6 13. g5 Nxe5 14. fxe5 1-0

[Event "RSA-ch U12"]
[Site "Bloemfontein"]
[Date "2016.03.23"]
[Round "7"]
[White "Sweetbert, Michael Tyrone"]
[Black "Nathan, Samuel Alex"]
[Result "1-0"]
[WhiteElo "1306"]
[BlackElo "1165"]
[PlyCount "20"]
[EventDate "2016.03.20"]
[EventType "swiss"]
[EventRounds "11"]
[EventCountry "RSA"]
[SourceTitle "CBM 171 Extra"]
[Source "ChessBase"]
[SourceDate "2016.04.26"]
[SourceVersion "1"]
[SourceVersionDate "2016.04.26"]
[SourceQuality "1"]

1. d4 d5 2. Nc3 h6 3. f3 Nf6 4. e4 e6 5. Bf4 a6 6. e5 Nfd7 7. Be3 Nc6 8. Nge2 Nb6 9. Rb1 Be7 10. a3 Bd7 1-0

[Event "RSA-ch U12"]
[Site "Bloemfontein"]
[Date "2016.03.22"]
[Round "4"]
[White "Eaton, Dante"]
[Black "Sweetbert, Michael Tyrone"]
[Result "1-0"]
[WhiteElo "1267"]
[BlackElo "1306"]
[PlyCount "55"]
[EventDate "2016.03.20"]
[EventType "swiss"]
[EventRounds "11"]
[EventCountry "RSA"]
[SourceTitle "CBM 171 Extra"]
[Source "ChessBase"]
[SourceDate "2016.04.26"]
[SourceVersion "1"]
[SourceVersionDate "2016.04.26"]
[SourceQuality "1"]

1. e4 d6 2. d4 Nf6 3. Nc3 g6 4. Bf4 Bg7 5. Nf3 c6 6. e5 dxe5 7. Nxe5 0-0 8. Bc4 Nbd7 9. 0-0 Nb6 10. Bb3 Bf5 11. Re1 Nh5 12. Bg5 Nf6 13. h3 Rc8 14. Ne2 Nbd5 15. Nf4 Nxf4 16. Bxf4 Nd5 17. Bh2 Nf6 18. c3 Nd7 19. Nxd7 Qxd7 20. Re2 Qd8 21. Qd2 Bd7 22. Rae1 Be6 23. Bd6 Re8 24. Qf4 b6 25. Re3 c5 26. dxc5 bxc5 27. Rf3 f5 28. Rfe3 1-0

[Event "RSA-chT Regions"]
[Site "Cape Town"]
[Date "2016.01.09"]
[Round "4.4"]
[White "America, Rukshana"]
[Black "Sweetbert, Michael Tyrone"]
[Result "0-1"]
[WhiteElo "1008"]
[BlackElo "1135"]
[PlyCount "39"]
[EventDate "2016.01.08"]
[EventType "team-swiss"]
[EventRounds "7"]
[EventCountry "RSA"]
[SourceTitle "CBM 170 Extra"]
[Source "ChessBase"]
[SourceDate "2016.02.25"]
[SourceVersion "1"]
[SourceVersionDate "2016.02.25"]
[SourceQuality "1"]
[WhiteTeam "Boland"]
[BlackTeam "All Stars"]
[WhiteTeamCountry "RSA"]
[BlackTeamCountry "RSA"]

1. Nf3 d6 2. g3 Nf6 3. a3 g6 4. d3 Bg7 5. Bg2 0-0 6. 0-0 c5 7. c3 Qc7 8. d4 b6 9. d5 Bb7 10. Ng5 Nfd7 11. Ne6 fxe6 12. dxe6 Bxg2 13. Kxg2 Ne5 14. Bf4 Nbc6 15. Nd2 Nd8 16. Qb3 Qc8 17. Nf3 Nxe6 18. Ng5 c4 19. Qc2 Nxf4+ 20. gxf4 0-1

[Event "RSA-chT Regions"]
[Site "Cape Town"]
[Date "2016.01.09"]
[Round "5.4"]
[White "Sweetbert, Michael Tyrone"]
[Black "Aldum, Johannes"]
[Result "1-0"]
[WhiteElo "1135"]
[BlackElo "1502"]
[PlyCount "35"]
[EventDate "2016.01.08"]
[EventType "team-swiss"]
[EventRounds "7"]
[EventCountry "RSA"]
[SourceTitle "CBM 170 Extra"]
[Source "ChessBase"]
[SourceDate "2016.02.25"]
[SourceVersion "1"]
[SourceVersionDate "2016.02.25"]
[SourceQuality "1"]
[WhiteTeam "All Stars"]
[BlackTeam "Ekurhuleni"]
[WhiteTeamCountry "RSA"]
[BlackTeamCountry "RSA"]

1. d4 d5 2. Nc3 Nf6 3. Bg5 Bf5 4. f3 h6 5. Bxf6 gxf6 6. e4 dxe4 7. fxe4 Bg6 8. Qd2 e5 9. d5 Bb4 10. 0-0-0 Bxe4 11. Qe3 Bf5 12. Qf3 Bd7 13. d6 Bxd6 14. Bb5 Bc6 15. Nd5 Be7 16. Bxc6+ bxc6 17. Nxe7 Qxe7 18. Ne2 1-0

[Event "RSA-ch U10"]
[Site "Waterkloof"]
[Date "2015.04.08"]
[Round "7"]
[White "Sweetbert, Michael Tyrone"]
[Black "Fourie, Brandon"]
[Result "1/2-1/2"]
[WhiteElo "1264"]
[BlackElo "1132"]
[PlyCount "54"]
[EventDate "2015.04.04"]
[EventType "swiss"]
[EventRounds "9"]
[EventCountry "RSA"]
[SourceTitle "CBM 166 Extra"]
[Source "ChessBase"]
[SourceDate "2015.06.18"]
[SourceVersion "1"]
[SourceVersionDate "2015.06.18"]
[SourceQuality "1"]

1. c4 e6 2. Nc3 Nf6 3. Nf3 Bb4 4. d4 d5 5. c5 Bxc3+ 6. bxc3 0-0 7. e3 c6 8. Bd3 Nbd7 9. 0-0 Qc7 10. Nd2 e5 11. f3 Re8 12. Qc2 Nf8 13. e4 Ng6 14. Re1 Nf4 15. exd5 Nxd3 16. Qxd3 cxd5 17. Nf1 a6 18. Rb1 e4 19. fxe4 dxe4 20. Qg3 Qxg3 21. Nxg3 h6 22. c4 Re7 23. Ba3 e3 24. c6 Rc7 25. cxb7 Rxb7 26. Rxb7 Bxb7 27. Rxe3 Rc8 1/2-1/2